La deuda externa de América Latina en el contexto de la deuda de América Latina

Сохранить в:
Библиографические подробности
Главный автор: Hinkelammert, Franz J.
Формат: Текст
Опубликовано: San José: s.e.
Метки: Добавить метку
Нет меток, Требуется 1-ая метка записи!

MARC

LEADER 00000 a a2200000 04500
001 24192
003
040 |a CRAI/IIS  |c CRAI/IIS 
090 |a 171500  
100 |a Hinkelammert, Franz J.  
245 |a La deuda externa de América Latina en el contexto de la deuda de América Latina  
260 |a San José:   |b s.e.  
300 |a 48 p.   |b **no definido**  
999 |c 17675  |d 17675